Score 0/26 Timer 08:00
0 Plays Today
% Correct
Action Movie Stars
98.2%
California Governors
97.7%
US Supreme Court Terms
95.9%
Breakfast Cereals
94.6%
Units of Length
94.1%
Body Parts
94.1%
Gin
92.8%
The Longest _____ (Films)
92.3%
Potato Fates
91%
Snack Foods
90.5%
Blade Terms
90.1%
Terms Paired with Mix
90.1%
Scotch
88.7%
% Correct
Japanese Terms
88.3%
Video Game Terms
87.4%
Palindromes
87.4%
Foods with Large Feline Mascots
85.1%
BIG10 Teams
84.2%
Bird Terms
83.3%
Words of Algonquian Origin
82.4%
500
81.5%
Domiciles
79.7%
Shots
77.5%
Ciara Top-10 Singles
76.6%
Sporcle Subcategories (Miscellaneous)
69.8%
Pac-12 Teams
61.7%
Remove Ads.
Support Sporcle.
Get the best of Sporcle when you Go Orange. This ad-free experience offers more features, more stats, and more fun while also helping to support Sporcle. Thank you for becoming a member.

You're not logged in!

Compare scores with friends on all Sporcle quizzes.
OR
Log In

Show Comments

Extras

Top Quizzes Today


Score Distribution

Your Account Isn't Verified!

In order to create a playlist on Sporcle, you need to verify the email address you used during registration. Go to your Sporcle Settings to finish the process.

Report this User

Report this user for behavior that violates our Community Guidelines.

Details: